000 01423njm a22003137a 4500
005 20100913100347.0
007 sd ammalaaahaa
008 100913t xxu||||| |||| 00| 0 hin d
028 _a7EPE. 7067
_bHis Master's Voice
035 _aGR-02392
040 _aSED/VEN
100 _aMangeshkar, Lata
_919606
245 _aRoti kapada aur makaan /
_cby Lata Mangeshkar, Mukesh & Mahendra Kapoor ; music by Laxmikant Pyarelal ; lyric by Santosh Anand
_h[sound recording] :
246 _aरोटी कपड़ा और मकान (लता मंगेशकर, मुकेश और महेंद्र कपूर)
260 _aDum Dum, India
_bHis Master's Voice
_c1974
300 _a1 sound disc [Gramophone record] :
_banalog, 45 rpm
_c7 in.
_fGramophone record
500 _aBrief record.
500 _aHis Master's Voice
500 _aOrange
500 _aExtended Play
505 _aPart 1 Main na bhoolunga (Lata Mangeshkar, Mukesh) मैं न भूलूंगा, Part 2 Aur nahin bus aur nahin (Mahendra Kapoor) और नहीं बस और नहीं
_r
650 _aClassical Music
_xExcerpts
_zIndia
_919607
_vFilmi Song
700 _aMukesh
_91184
700 _aKapoor, Mehendra
_920036
700 _aLaxmikant Pyarelal
_920042
700 _aAnand, Santosh
_920037
942 _2ddc
_cGR
999 _c45757
_d45757